Central Library OPAC University of Rajshahi

Educational strategy for developing societies : (Record no. 33352)

MARC details
000 -LEADER
fixed length control field 01036nam a2200301 4500
001 - CONTROL NUMBER
control field 33352
003 - CONTROL NUMBER IDENTIFIER
rucl marc code BD-RjUL
005 - DATE AND TIME OF LATEST TRANSACTION
control field 20211209052007.0
008 - FIXED-LENGTH DATA ELEMENTS--GENERAL INFORMATION
fixed length control field 140507r19661963enk b 001 0 eng d
020 ## - INTERNATIONAL STANDARD BOOK NUMBER
International Standard Book Number 0422751200
035 ## - SYSTEM CONTROL NUMBER
System control number (BD-RjUL)33443
040 ## - CATALOGING SOURCE
Original cataloging agency DLC
Transcribing agency DLC
Modifying agency DLC
-- BD-RjUL
Language of cataloging eng
041 ## - LANGUAGE CODE
Language code of text/sound track or separate title eng
082 00 - DEWEY DECIMAL CLASSIFICATION NUMBER
Classification number 309.212091724
Author mark and year CUE 1966
100 1# - MAIN ENTRY--PERSONAL NAME
Personal name Curle, Adam.
9 (RLIN) 101240
245 10 - TITLE STATEMENT
Title Educational strategy for developing societies :
Remainder of title a study of educational and social factors in relation to economic growth /
Statement of responsibility, etc. Adam Curle.
260 ## - PUBLICATION, DISTRIBUTION, ETC. (IMPRINT)
Place of publication, distribution, etc. London :
Name of publisher, distributor, etc. Tavistock Publications,
Date of publication, distribution, etc. 1963 [Reprinted 1966]
300 ## - PHYSICAL DESCRIPTION
Pagination xxi, 180 p. ;
Size 22 cm.
350 ## - PRICE (NR) (BK AM CF MU VM SE) [OBSOLETE]
Price 18/-
490 #0 - SERIES STATEMENT
Series statement Social science paperbacks, SSP66
500 ## - GENERAL NOTE
General note Distributed in the U.S.A. by Barnes & Noble.
504 ## - BIBLIOGRAPHY, ETC. NOTE
Bibliography, etc Bibliography: p. 170-176. and Index
650 #0 - SUBJECT ADDED ENTRY--TOPICAL TERM
Topical term or geographic name as entry element Economic development
General subdivision Social aspects.
9 (RLIN) 8036
Topical term or geographic name as entry element Economic development
General subdivision Effect of education on.
9 (RLIN) 101241
942 ## - ADDED ENTRY ELEMENTS (KOHA)
Source of classification or shelving scheme Dewey Decimal Classification
Koha item type Books
Holdings
Lost status Source of classification or shelving scheme Damaged status Not for loan Collection code Permanent Location Current Location Shelving location Date acquired Source of acquisition Cost, normal purchase price Total Checkouts Full call number Date last seen Copy number Koha item type
  Dewey Decimal Classification     Non-fiction Central Library, University of Rajshahi Central Library, University of Rajshahi   02/08/1973 Mitali Pak 49.50   309.212091724 CUE 1966 07/05/2014 C-2 Books